Label the Graph #1 - Population x Area - Statistics

General Stats
  • This quiz has been taken 514 times
  • The average score is 10 of 12
Answers on the Map
Answers color-coded by a green-red scale on the quiz's map according to % correct below.
 
Answer Stats
Answer % Correct
China
98%
India
97%
United States
97%
Russia
95%
Vatican City
92%
Brazil
89%
Canada
89%
Australia
82%
Monaco
78%
Nauru
73%
Singapore
62%
Tuvalu
62%
No matching quizzes found
Score Distribution
Percent of People with Each Score
Percentile by Number Answered
Your Score History
You have not taken this quiz